|
|
|
|
| LEADER |
00000cam a2200000 7i4500 |
| 001 |
0000123444 |
| 005 |
20170908.0 |
| 008 |
170908s2016 my g 0001 bm |
| 020 |
|
|
|a 9789671337561
|
| 040 |
|
|
|a PERPUSTAM
|b eng
|c PERPUSTAM
|e rda
|
| 090 |
0 |
0 |
|a F
|b FAT
|
| 100 |
0 |
|
|a Fatimah Syarha ,
|e author
|
| 245 |
1 |
0 |
|a Seindah MAWAR Berduri
|c FATIMAH SYARHA
|
| 264 |
|
1 |
|a Gombak, Selangor :
|b Sebarkan Bahagia Sdn Bhd
|c 2016
|
| 300 |
|
|
|a 489 pages ;
|c 19 cm.
|
| 336 |
|
|
|a text, rdacontent
|
| 337 |
|
|
|a unmediated
|2 rdamedia
|
| 338 |
|
|
|a volume
|2 rdacarrier
|
| 650 |
1 |
0 |
|a Malay fiction
|
| 999 |
|
|
|a 0000454739
|b Buku
|c Rak Terbuka
|e Perbadanan Perpustakaan Awam Melaka
|
| 999 |
|
|
|a 0000454740
|b Buku
|c Rak Terbuka
|e Perbadanan Perpustakaan Awam Melaka
|
| 999 |
|
|
|a 0000454741
|b Buku
|c Rak Terbuka
|e Perbadanan Perpustakaan Awam Melaka
|
| 999 |
|
|
|a 0000454742
|b Buku
|c Rak Terbuka
|e Perpustakaan Cawangan Jasin
|
| 999 |
|
|
|a 0000454744
|b Buku
|c Rak Terbuka
|e Perpustakaan Cawangan Merlimau
|
| 999 |
|
|
|a 0000454745
|b Buku
|c Rak Terbuka
|e Perpustakaan Cawangan Merlimau
|
| 999 |
|
|
|a 0000454746
|b Buku
|c Rak Terbuka
|e Perbadanan Perpustakaan Awam Melaka
|
| 999 |
|
|
|a 0000454747
|b Buku
|c Rak Terbuka
|e Perbadanan Perpustakaan Awam Melaka
|
| 999 |
|
|
|a 0000454748
|b Buku
|c Rak Terbuka
|e PERPUSTAKAAN PENJARA SUNGAI UDANG
|
| 999 |
|
|
|a 0000454749
|b Buku
|c Rak Terbuka
|e Perbadanan Perpustakaan Awam Melaka
|
| 999 |
|
|
|a 0000454750
|b Buku
|c Rak Terbuka
|e Perbadanan Perpustakaan Awam Melaka
|
| 999 |
|
|
|a 0000454751
|b Buku
|c Rak Terbuka
|e Perbadanan Perpustakaan Awam Melaka
|
| 999 |
|
|
|a 0000454752
|b Buku
|c Rak Terbuka
|e Perbadanan Perpustakaan Awam Melaka
|
| 999 |
|
|
|a 0000454753
|b Buku
|c Rak Terbuka
|e Perbadanan Perpustakaan Awam Melaka
|
| 999 |
|
|
|a 0000454754
|b Buku
|c Rak Terbuka
|e Perbadanan Perpustakaan Awam Melaka
|
| 999 |
|
|
|a 0000454755
|b Buku
|c Rak Terbuka
|e Perbadanan Perpustakaan Awam Melaka
|
| 999 |
|
|
|a 0000454756
|b Buku
|c Rak Terbuka
|e Perbadanan Perpustakaan Awam Melaka
|
| 999 |
|
|
|a 0000454757
|b Buku
|c Rak Terbuka
|e Perpustakaan Sekolah Henrey Gurney
|
| 999 |
|
|
|a 0000454758
|b Buku
|c Rak Terbuka
|e Perbadanan Perpustakaan Awam Melaka
|
| 999 |
|
|
|a 0000454759
|b Buku
|c Rak Terbuka
|e Perbadanan Perpustakaan Awam Melaka
|
| 999 |
|
|
|a 0000454760
|b Buku
|c Rak Terbuka
|e Perbadanan Perpustakaan Awam Melaka
|
| 999 |
|
|
|a 0000454761
|b Buku
|c Rak Terbuka
|e Perbadanan Perpustakaan Awam Melaka
|
| 999 |
|
|
|a 0000454762
|b Buku
|c Rak Terbuka
|e Perbadanan Perpustakaan Awam Melaka
|
| 999 |
|
|
|a 0000454763
|b Buku
|c Rak Terbuka
|e Perbadanan Perpustakaan Awam Melaka
|
| 999 |
|
|
|a 0000454764
|b Buku
|c Rak Terbuka
|e Perbadanan Perpustakaan Awam Melaka
|
| 999 |
|
|
|a 0000454765
|b Buku
|c Rak Terbuka
|e Perbadanan Perpustakaan Awam Melaka
|
| 999 |
|
|
|a 0000454766
|b Buku
|c Rak Terbuka
|e Perbadanan Perpustakaan Awam Melaka
|
| 999 |
|
|
|a 0000454767
|b Buku
|c Rak Terbuka
|e Perbadanan Perpustakaan Awam Melaka
|
| 999 |
|
|
|a 0000454768
|b Buku
|c Rak Terbuka
|e Perbadanan Perpustakaan Awam Melaka
|
| 999 |
|
|
|a 0000454769
|b Buku
|c Rak Terbuka
|e Perpustkaan Desa Lubuk China
|
| 999 |
|
|
|a 0000454770
|b Buku
|c Rak Terbuka
|e Perbadanan Perpustakaan Awam Melaka
|
| 999 |
|
|
|a 0000454771
|b Buku
|c Rak Terbuka
|e Perbadanan Perpustakaan Awam Melaka
|
| 999 |
|
|
|a 0000454772
|b Buku
|c Rak Terbuka
|e PK Aeon Jaya Jusco
|
| 999 |
|
|
|a 0000454773
|b Buku
|c Rak Terbuka
|e PK Melaka Mall
|
| 999 |
|
|
|a 0000454774
|b Buku
|c Rak Terbuka
|e Perbadanan Perpustakaan Awam Melaka
|
| 999 |
|
|
|a 0000454775
|b Buku
|c Rak Terbuka
|e Perbadanan Perpustakaan Awam Melaka
|
| 999 |
|
|
|a 0000454776
|b Buku
|c Rak Terbuka
|e Perbadanan Perpustakaan Awam Melaka
|
| 999 |
|
|
|a 0000454777
|b Buku
|c Rak Terbuka
|e Perbadanan Perpustakaan Awam Melaka
|
| 999 |
|
|
|a 0000454778
|b Buku
|c Rak Terbuka
|e Perpustakaan Komuniti UTC Melaka
|